00788nam a2200229 i 450000100060000000300090000600500170001500700030003200800410003502000180007610000320009424500650012625000150019126000580020630000220026449000300028650400320031683000380034885200330038699900170041995201220043670619ES-MaACL20230906170853.0t|040729s1979 fr ||||1| fre d a2-13035-952-31 aGardies, Jean-Louis.95549410aEssai sur la logique des modalités / cJean-Louis Gardies. a[1re ed.]. aParís : bPresses Universitaires de France, c1979. a239 p. ; c22 cm.1 aPhilosophie d'aujourd'hui aBibliografía: p. 235-238.0 aPhilosophie d'aujourd'hui9179543 aES-MaACLjL-11911 bR.113243 c70619d70619 00104070aATENEOMbATENEOMcDEPO2d2008-01-17eSCl0oL-11911p1073946r2023-02-23 00:00:00w2023-02-23yMONOGRAFIA